Les 20 villes les plus peuplées du Vaucluse sur une carte - Statistiques

Statistiques générales
  • Ce quiz a été pris 204 fois
  • Le résultat moyen est 11 sur 20
Réponses sur la Carte
Les réponses sont colorées sur une échelle allant du rouge au vert en fonction du pourcentage des utilisateurs qui les ont devinées à leur premier essai. Vous pouvez retrouver ces pourcentages ci-dessous.
 
Statistiques - réponses
Habitants Ville % Correct
90 330 Avignon
99%
28 949 Orange
90%
30 769 Carpentras
88%
25 923 Cavaillon
80%
10 536 Apt
71%
19 117 Sorgues
67%
19 965 L'Isle-sur-la-Sorgue
64%
13 605 Bollène
62%
17 551 Le Pontet
62%
20 012 Pertuis
61%
9 346 Valréas
58%
13 129 Monteux
49%
10 636 Pernes-les-Fontaines
42%
11 457 Vedène
40%
8 858 Le Thor
34%
8 793 Entraigues-sur-la-Sorgue
32%
8 922 Morières-lès-Avignon
31%
6 064 Courthézon
27%
5 932 Sarrians
27%
6 269 Mazan
26%
Aucun quiz correspondant
Distribution des résultats
% des personnes avec chaque résultat
Percentile par nombre de réponses
Votre historique - résultats
Vous n’avez pas pris ce quiz